| 000 | 00693nam a2200205Ii 4500 | ||
|---|---|---|---|
| 003 | JO-AjNU | ||
| 008 | 230605s9999||||xx |||||||||||||| ||und|| | ||
| 017 | _a1993/8/942 | ||
| 040 |
_aJO-AjNU _bara _erda _cJO-AjNU |
||
| 041 | _aara | ||
| 050 | 1 | 4 | _aQA76.73.F25 M362 1999 |
| 100 | 3 |
_aمنصور، عوض, _eauthor _942173 |
|
| 245 | 0 | 0 | _a فورتران 77 : مع تطبيقات علمية و هندسية |
| 264 | 3 | 1 | _aاربد:دار الفرقان، 1999 |
| 300 | _a464ص | ||
| 336 |
_atext _btxt _2rdacontent |
||
| 337 |
_aunmediated _bn _2rdamedia |
||
| 338 |
_avolume _bnc _2rdacarrier |
||
| 650 | 4 |
_aلغة برمجة الحاسبات الالكترونية -فورتران _942174 |
|
| 999 |
_aA18038 _c21606 _d21606 |
||